Logo BPK

Biblioteka

Politechniki Koszalińskiej

Technika wysokich napięć / (Rekord nr 11745)

Szczegóły MARC
000 -ETYKIETA REKORDU
podpole kontrolne o stałej długości 01364nam a2200349 i 4500
001 - NUMER KONTROLNY REKORDU
pole kontrolne 11745
003 - IDENTYFIKATOR NUMERU KONTROLNEGO REKORDU
podpole kontrolne KOSZ 005
005 - DATA OSTATNIEJ MODYFIKACJI REKORDU
podpole kontrolne 20191106105613.0
008 - POLE O STAŁEJ DŁUGOŚCI - DANE KONTROLNE
podpole kontrolne o stałej długości 091006s1967 pl a f 001 0 pol
015 ## - NUMER BIBLIOGRAFII NARODOWEJ
Numer bibliografii narodowej PB 1967/4143
040 ## - ŹRÓDŁO KATALOGOWANIA
Instytucja, która sporządziła opis WA N
Instytucja, która utworzyła rekord KOSZ 005/RW
Instytucja, która dokonała modyfikacji KOSZ 005/RW
041 1# - KOD JĘZYKA
Kod języka tekstu pol
Kod języka oryginału rus
080 ## - UNIWERSALNA KLASYFIKACJA DZIESIĘTNA - UKD
UKD 621.315.027.3
100 1# - NAZWA OSOBOWA
Nazwa osobowa Babikov, Maksim Alekseevič.
Określenie rodzaju współpracy Autor.
245 10 - TYTUŁ/ODPOWIEDZIALNOŚĆ
Tytuł Technika wysokich napięć /
Pozostałe elementy strefy tytułu i oznaczenia odpowiedzialności M. A. Babikow, N. S. Komarow, A. S. Siergiejew ; tł. W. Lidmanowski, S. Roguski, J. Wierzbicki.
246 1# - WARIANT TYTUŁU
Treść wyrażenia wprowadzającego Tyt. oryg.:
Tytuł Tehnika vysokih naprâženij.
260 ## - STREFA ADRESU WYDAWNICZEGO
Miejsce wydania Warszawa :
Nazwa wydawcy/dystrybutora Wydawnictwa Naukowo-Techniczne,
Data publikacji, dystrybucji/powstania dokumentu 1967.
300 ## - STREFA OPISU FIZYCZNEGO
Objętość 489, [1] s. :
Inne cechy fizyczne il. ;
Rozmiary 25 cm.
380 ## - FORMA I TYP PUBLIKACJI
Forma i typ publikacji Książki.
500 ## - UWAGI OGÓLNE
Tekst uwagi Nazwa tł. właściwie: Zbigniew Roguski.
504 ## - UWAGA DOTYCZĄCA BIBLIOGRAFII
Informacje o bibliografii Bibliogr. s. 486-[487]. Indeks.
521 8# - UWAGA DOTYCZĄCA PRZEZNACZENIA CZYTELNICZEGO
Przeznaczenie czytelnicze Dla inżynierów i techników.
650 #4 - HASŁO PRZEDMIOTOWE W FORMIE NAZWY OGÓLNEJ LUB JEDNOSTKOWEJ
Nazwa ogólna lub geograficzna Technika wysokich napięć
700 1# - HASŁO DODATKOWE - NAZWA OSOBOWA
Nazwa osobowa Komarov, Nikita Semenovič.
700 1# - HASŁO DODATKOWE - NAZWA OSOBOWA
Nazwa osobowa Sergeev, Aleksandr Sergeevič.
700 1# - HASŁO DODATKOWE - NAZWA OSOBOWA
Nazwa osobowa Lidmanowski, Wacław.
Określenie związku między hasłem a opisywanym materiałem Tł.
700 1# - HASŁO DODATKOWE - NAZWA OSOBOWA
Nazwa osobowa Roguski, Zbigniew.
Określenie związku między hasłem a opisywanym materiałem Tł.
700 1# - HASŁO DODATKOWE - NAZWA OSOBOWA
Nazwa osobowa Wierzbicki, Jerzy J.
Określenie związku między hasłem a opisywanym materiałem Tł.
710 2# - HASŁO DODATKOWE - NAZWA CIAŁA ZBIOROWEGO
Nazwa ciała zbiorowego lub jednostki geograficznej Wydawnictwa Naukowo-Techniczne
Kod określenia powiązania pbl.
856 ## - LOKALIZACJA I DOSTĘP DO ELEKTRONICZNYCH DOKUMENTÓW ZDALNYCH
Link (URL) http://koha.tu.koszalin.pl/cgi-bin/koha/opac-detail.pl?biblionumber=11745
Tekst linku Katalog online BPK
942 ## - DODATKOWE ELEMENTY (KOHA)
Schemat klasyfikacji Uniwersalna Klasyfikacja Dziesiętna
Typ dokumentu Książka
Egzemplarze
Wycofany Status egzemplarza Uszkodzony Dostępność Lokalizacja stała Lokalizacja bieżąca Miejsce przechowywania Sygnatura Kod kreskowy Typ dokumentu
      Dostępny Biblioteka Politechniki Koszalińskiej Biblioteka Politechniki Koszalińskiej Wypożyczalnia BG 5422 02190884 Książka
      Dostępny Biblioteka Politechniki Koszalińskiej Biblioteka Politechniki Koszalińskiej Wypożyczalnia BG 20448 01691412 Książka
© 2023 Biblioteka Politechniki Koszalińskiej :: KOHA